000 00693cam a2200217 a 4500
001 000008286
005 20200929161325.0
008 841109s1983 nq a 001 1 spa
040 _aDO-SdBNP
_cDLC
_dDLC
082 _aN863.44
_bR173t, 1983
100 1 _aRamírez, Sergio,
_d1942-
_917566
245 1 3 _aDe tropeles y tropelias /
_cSergio Ramírez ;.
250 _a4a ed.
260 _aManagua, Nicaragua :
_bNueva Nicaragua,
_c1983.
300 _a161 p. :
_bil. ;
_c26 cm.
490 1 _aLetras de Nicaragua
_vno. 7
650 4 _aCuentos nicaraguenses
_99879
650 4 _aLiteratura nicaraguense
_98180
830 0 _aLetras de Nicaragua ;
_vno. 7
_98119
910 _aCatalogación por copia / LC
999 _c8057
_d8057